Machine Learning / (Record no. 2711)

000 -LEADER
fixed length control field 00605nam a2200241Ia 4500
007 - PHYSICAL DESCRIPTION FIXED FIELD--GENERAL INFORMATION
fixed length control field ta
008 - FIXED-LENGTH DATA ELEMENTS--GENERAL INFORMATION
fixed length control field 230316t2019||||ii a ||gd|||||||1 ||eng||
020 ## - INTERNATIONAL STANDARD BOOK NUMBER
International Standard Book Number 9781259096952
Terms of availability Rs. 2500.00
040 ## - CATALOGING SOURCE
Original cataloging agency IMU Kochi Library
Language of cataloging eng
041 0# - LANGUAGE CODE
Language code of text/sound track or separate title eng
044 ## - COUNTRY OF PUBLISHING/PRODUCING ENTITY CODE
MARC country code India
082 04 - DEWEY DECIMAL CLASSIFICATION NUMBER
Edition number 23
Classification number 006.31
Item number M6959
100 1# - MAIN ENTRY--PERSONAL NAME
Personal name Mitchell, Tom M.
245 10 - TITLE STATEMENT
Title Machine Learning /
260 ## - PUBLICATION, DISTRIBUTION, ETC. (IMPRINT)
Place of publication, distribution, etc Chennai:
Name of publisher, distributor, etc McGraw Hill Education,
Date of publication, distribution, etc 2019
300 ## - PHYSICAL DESCRIPTION
Extent xvii, 414 p.:
Other physical details ill. ;
Dimensions 23 cm.
650 #0 - SUBJECT ADDED ENTRY--TOPICAL TERM
Topical term or geographic name as entry element Computer algorithms
650 #0 - SUBJECT ADDED ENTRY--TOPICAL TERM
Topical term or geographic name as entry element Data Mining
650 #0 - SUBJECT ADDED ENTRY--TOPICAL TERM
Topical term or geographic name as entry element Machine learning
852 ## - LOCATION/CALL NUMBER
Location IMU Kochi Library
904 ## - LOCAL DATA ELEMENT D, LDD (RLIN)
CATALOGER Akhil Bose
942 ## - ADDED ENTRY ELEMENTS (KOHA)
Item type Books
Holdings
Withdrawn status Lost status Source of classification or shelving scheme Damaged status Not for loan Collection code Permanent location Current location Shelving location Date acquired Source of acquisition Cost, normal purchase price Total Checkouts Full call number Barcode Date last seen Date last borrowed Koha item type Public note
          Computer Science IMU Kochi Library IMU Kochi Library General Stacks 2023-03-16 M/S T V Enterprises (Inv. No. 751/22-23 Dt. 2023-03-09) 2500.00 1 006.31 M6959 BK006082 2024-01-10 2023-08-16 Books Gen. Shelf-2, Row-3
          Computer Science IMU Kochi Library IMU Kochi Library General Stacks 2023-03-16 M/S T V Enterprises (Inv. No. 751/22-23 Dt. 2023-03-09) 2500.00   006.31 M6959 BK006083 2023-06-19   Books Gen. Shelf-2, Row-3


Copyright © All Rights Reserved by Indian Maritime University, Kochi Campus.
For any Suggestions/Query Contact to library or Email: library.kochi@imu.ac.in Ph:(0484)-2989402
(Web OPAC Designed by Rudra Ranjan. Maintained by IMU Kochi Library)

Powered by Koha